• América Latina

di Geographic Name

Records bibliografici associati: 1

001 - CONTROL NUMBER

  • control field: 37466

003 - CONTROL NUMBER IDENTIFIER

  • control field: IT-RoINE

005 - DATE AND TIME OF LATEST TRANSACTION

  • control field: 20170724092629.0

008 - FIXED-LENGTH DATA ELEMENTS

  • fixed length control field: 170724|| aca||aabn | a|a d

040 ## - CATALOGING SOURCE

  • Original cataloging agency: IT-RoINE
  • Transcribing agency: IT-RoINE

151 ## - HEADING--GEOGRAPHIC NAME

  • Geographic name: América Latina
  • General subdivision: Relaciones raciales

670 ## - SOURCE DATA FOUND

  • Source citation: Work cat.: (IT-RoINE)0: Pérez de Barradas, José, 1897-1981‏ 37464, Los mestizos de América /, 1976.